| 000 | 01012nam a2200265 i 4500 | ||
|---|---|---|---|
| 001 | 16899 | ||
| 003 | ES-MaACL | ||
| 005 | 20240201205355.0 | ||
| 007 | t| | ||
| 008 | 001121s1993 sp ||||0| spa j | ||
| 020 | _a84-604-5224-7 | ||
| 040 |
_aM-BN _bspa _cM-BN |
||
| 080 | _a860-14"19"(082.2) | ||
| 080 | _a860-1.09"19" | ||
| 245 | 0 | 0 |
_aPropuestas poéticas para fin de siglo _b: [curso de verano organizado por la Fundación Cultural Banesto, en colaboración con la Universidad de Alcalá de Henares ; dirigido por Claudio Rodríguez, 13, 14 y 15 de julio de 1992]. |
| 260 |
_a[Madrid] : _bFundación Cultural Banesto, _cD.L. 1993. |
||
| 300 |
_a187 p ; _c21 cm. |
||
| 500 | _aTít. tomado de la cub. | ||
| 650 | 4 |
_aPoesías españolas- _yS.XX. _916221 |
|
| 650 | 4 |
_aPoesía española- _yS.XX- _xHistoria y crítica. _916167 |
|
| 700 | 1 |
_aRodríguez, Claudio, _d1934-1999 _998224 |
|
| 710 | 2 |
_aFundación Cultural Banesto. _94258 |
|
| 852 |
_aES-MaACL _jG-3255 _bR.121304 |
||
| 999 |
_c16899 _d16899 |
||